000 00204nam a22000857a 4500
008 170616b xxu||||| |||| 00| 0 eng d
100 _93468
_aSingh. P
245 _aNew Delhi
260 _aNew Delhi
_bN. B. T
_c1995
999 _c6842
_d6842